Minecraft OST - All Songs - Statistics

General Stats
  • This quiz has been taken 64 times
    41 since last reset
  • The average score is 30 of 85
Answer Stats
Album Artist Answer % Correct
Volume Alpha C418 Cat
92%
Nether Update Lena Raine Pigstep (Mono Remix)
80%
Nether Update Lena Raine Pigstep (Stereo Remix)
80%
Volume Alpha C418 Minecraft
76%
Volume Alpha C418 Thirteen
76%
Volume Alpha C418 Mice on Venus
68%
Volume Beta C418 Aria Math
64%
Tricky Trials Lena Raine Creator
64%
Tricky Trials Lena Raine Creator (Music Box Version)
64%
Volume Alpha C418 Subwoofer Lullaby
64%
Volume Alpha C418 Sweden
64%
Volume Alpha C418 Haggstrom
56%
Volume Beta C418 Moog City 2
56%
Caves and Cliffs Lena Raine otherside
56%
Volume Beta C418 Blocks
52%
Volume Beta C418 Dreiton
52%
Caves and Cliffs Lena Raine Infinite Amethyst
52%
Volume Beta C418 Stal
52%
Volume Beta C418 Wait
52%
Volume Alpha C418 Wet Hands
52%
Volume Beta C418 Alpha
48%
Volume Alpha C418 Dry Hands
48%
*same as answer* Hyper Potions Lava Chicken
48%
Volume Alpha C418 Living Mice
48%
Volume Beta C418 Mall
48%
Volume Beta C418 Mellohi
48%
Chase the Skies Amos Roddy Tears
48%
Volume Beta C418 Ward
48%
Volume Beta C418 Chirp
44%
Volume Beta C418 The End
44%
Volume Beta C418 Beginning 2
40%
Chase the Skies Amos Roddy Fireflies
40%
The Wild Update Samuel Åberg Five
40%
Tricky Trials Aaron Cherof Precipice
40%
Volume Beta C418 Taswell
40%
*same as answer* C418 Axolotl
36%
Chase the Skies Amos Roddy Broken Clocks
36%
Volume Alpha C418 Clark
36%
Volume Beta C418 Concrete Halls
36%
Volume Alpha C418 Danny
36%
Volume Alpha C418 Key
36%
Volume Alpha C418 Oxygène
36%
Volume Beta C418 Strad
36%
Volume Beta C418 Blind Spots
32%
Volume Beta C418 Dead Voxel
32%
*same as answer* C418 Dragon Fish
32%
Volume Beta C418 Far
32%
Trails and Tales Aaron Cherof Relic
32%
The Wild Update Lena Raine Aerie
28%
Volume Beta C418 Biome Fest
28%
Volume Beta C418 Floating Trees
28%
Volume Beta C418 Haunt Muskie
28%
Chase the Skies Amos Roddy O's Piano
28%
Nether Update Lena Raine Rubedo
28%
Tricky Trials Kumi Tanioka pokopoko
24%
Caves and Cliffs Lena Raine Ancestry
20%
Volume Beta C418 Ballad of the Cats
20%
Tricky Trials Lena Raine Deeper
20%
The Wild Update Lena Raine Firebugs
20%
Chase the Skies Amos Roddy Lilypad
20%
Volume Beta C418 Mutation
20%
Volume Beta C418 Warmth
20%
Chase the Skies Amos Roddy Below and Above
16%
Trails and Tales Aaron Cherof Bromeliad
16%
Nether Update Lena Raine Chrysopoeia
16%
Tricky Trials Lena Raine Eld Unknown
16%
Tricky Trials Aaron Cherof Featherfall
16%
The Wild Update Lena Raine Labyrinthine
16%
Caves and Cliffs Lena Raine Left to Bloom
16%
Tricky Trials Aaron Cherof Puzzlebox
16%
*same as answer* C418 Shuniji
16%
Nether Update Lena Raine So Below
16%
Caves and Cliffs Lena Raine Stand Tall
16%
Caves and Cliffs Lena Raine Wending
16%
Tricky Trials Kumi Tanioka yakusoku
16%
Trails and Tales Aaron Cherof A Familiar Room
12%
Caves and Cliffs Kumi Tanioka Comforting Memories
12%
Trails and Tales Aaron Cherof Crescent Dunes
12%
Trails and Tales Aaron Cherof Echo in the Wind
12%
Tricky Trials Lena Raine Endless
12%
Tricky Trials Aaron Cherof Watcher
12%
Caves and Cliffs Kumi Tanioka An Ordinary Day
8%
Caves and Cliffs Kumi Tanioka Floating Dreams
8%
Tricky Trials Kumi Tanioka komorebi
8%
Caves and Cliffs Lena Raine One More Day
8%
No matching quizzes found
Score Distribution
Percent of People with Each Score
Percentile by Number Answered
Your Score History
You have not taken this quiz since the last reset